أستاذ السائرين: (Record no. 6987)
[ view plain ]
| 000 -الفاتح | |
|---|---|
| حقل البيانات ثابتة الطول | 00865nac a22001811u 4500 |
| 008 - عناصر البيانات ثابتة الطول - معلومات عامة | |
| حقل البيانات ثابتة الطول | 100810s1973Ua|||||r|||| 000 0dara d |
| 082 ## - رقم تصنيف ديوى العشرى | |
| رقم التصنيف | 210.8 |
| رقم المادة | م ح م |
| 100 ## - المدخل الرئيسى - إسم شخصى | |
| الإسم الشخصى | محمود، عبد الحليم |
| 9 (RLIN) | 14336 |
| 245 ## - بيان العنوان | |
| العنوان | أستاذ السائرين: |
| بقية العنوان | /الحارث بن أسد المحاسبى |
| بيان المسئوليه,etc | عبدالحليم محمود |
| 260 ## - PUBLICATION, DISTRIBUTION, ETC. (IMPRINT) | |
| مكان الناشر او الموزع | القاهرة: |
| اسم الناشر او الموزع | دار الكتب الحديثة، 1973 |
| تاريخ النشر أو التوزيع | 1973 |
| 300 ## - الوصف المادى | |
| التعداد | 332ص؛ |
| أبعاد الوعاء | 24 سم |
| 504 ## - تبصرة ببليوجرافية | |
| تبصرة ببليوجرافية,الخ | يشتمل على إرجاعات ببليوجرافية |
| 511 ## - | |
| -- | Catalogued by: Sara |
| 541 ## - تبصرة المصدر المباشر للتزويد | |
| مصدر التزويد | ألف باء |
| طريقة التزويد | شراء |
| 600 ## - المدخل الاضافى بالموضوع-اسم شخصى | |
| 9 (RLIN) | 17368 |
| الإسم الشخصى | المحاسبى، الحارث بن أسد |
| 942 ## - عناصر المدخل الإضافي( كوها) | |
| Koha [default] item type | Book - Borrowing |
| سابقة رقم الطلب | 210.8 م ح م |
| مصدر التصنيف او مخطط الترفيف | Dewey Decimal Classification |
| حالة التراجع | حالة الفقد | مصدر التصنيف او خطة الترفيف | حالة تلف | ليس للاعارة | مجموعات كوها | المكان الدائم | المكان الحالي | موقع الترفيف | تاريخ الاكتساب | Source of acquisition | رقم الاستدعاء | الباركود | Date last seen | مُعار | نوع الوعاء |
|---|---|---|---|---|---|---|---|---|---|---|---|---|---|---|---|
| Dewey Decimal Classification | Alef-Baa | Central Library | Central Library | Lower Floor | 10/08/2010 | 210.8 م ح م | 000008577 | 15/07/2025 | 13/10/2015 | Book - Borrowing |